Child survival and safe motherhood experiences from India (Record no. 391937)

000 -LEADER
fixed length control field 00462cam a22001577a 4500
008 - FIXED-LENGTH DATA ELEMENTS--GENERAL INFORMATION
fixed length control field 180718b2000 xxu||||| |||| 00| 0 eng d
020 ## - INTERNATIONAL STANDARD BOOK NUMBER
International Standard Book Number 8173913382
082 ## - DEWEY DECIMAL CLASSIFICATION NUMBER
Classification number O95x54 N134
100 ## - MAIN ENTRY--PERSONAL NAME
Personal name Nagi, B.S.
245 ## - TITLE STATEMENT
Title Child survival and safe motherhood experiences from India
Statement of responsibility, etc. by B.S. Nagi
260 ## - PUBLICATION, DISTRIBUTION, ETC.
Place of publication, distribution, etc. Delhi
Name of publisher, distributor, etc. Kanishka
Date of publication, distribution, etc. 2000
300 ## - PHYSICAL DESCRIPTION
Extent 224p.
650 ## - SUBJECT ADDED ENTRY--TOPICAL TERM
Topical term or geographic name entry element Maternity - India
650 ## - SUBJECT ADDED ENTRY--TOPICAL TERM
Topical term or geographic name entry element Motherhood - India
650 ## - SUBJECT ADDED ENTRY--TOPICAL TERM
Topical term or geographic name entry element Children - Health and hygiene - India
Holdings
Withdrawn status Lost status Damaged status Not for loan Permanent Location Current Location Date acquired Full call number Barcode Date last seen Price effective from Koha item type
        Indian Institute of Public Administration Indian Institute of Public Administration 2000-04-03 O95x54 N134 75159 2018-07-21 2018-07-21 Book

Powered by Koha